000 00502nam a2200181Ia 4500
001 10877
005 20260306161904.0
008 260306t2006||||xx |||||||||||||| ||spa||
041 _aESP
082 _a980
_bH59 V. 9
100 _aRezende Martins, Estevao de
_eAUT
245 0 _aHistoria general de América Latina:
_bteoría y metodología en la historia de América Latina
260 _c2006
300 _a334 páginas :
_c25 cm.
650 _aGEN
654 _aCHU
942 _cLIB
_dJUS
_fJUS
_2ddc
_n
999 _c10877
_d10877